| 000 | 00993nac a22002897a 4500 | ||
|---|---|---|---|
| 001 | BR8304576 | ||
| 003 | BR-BrBNA | ||
| 005 | 20240105115821.0 | ||
| 008 | 230509b bl.|||m| |||| 00| 0 por d | ||
| 040 |
_aBR-BrBNA _bpor _cBiblioteca Nacional de Agricultura |
||
| 072 | _aF30 | ||
| 090 | _a1410 BR8304576 | ||
| 100 | 1 | _aFlesch, R.D. | |
| 100 | 1 | _aMondardo, E. | |
| 110 | 1 | _aEmpresa Catarinense de Pesquisa Agropecuaria S.A., Florianopolis, SC (Brasil) | |
| 245 | 1 | _aRecomendacao do cultivar de feijao EMPASC 201 - Chapeco para cultivo em Santa Catarina [Brasil] | |
| 260 | 3 |
_aFlorianopolis, SC (Brasil): _c1983. |
|
| 300 | _a10 p. | ||
| 490 |
_aComunicado Tecnico - Empresa Catarinense de Pesquisa Agropecuaria S.A. (Brazil) _vno. 58 _xISSN 0100-4719 |
||
| 650 | _aFEIJAO | ||
| 650 | _aGENETICA VEGETAL | ||
| 650 | _aVARIEDADE | ||
| 650 | _aCOMPORTAMENTO DE VARIEDADE | ||
| 650 | _aSANTA CATARINA | ||
| 909 |
_a202312 _bLúcia Elande _c55 _dLúcia Elande |
||
| 942 |
_2AGRIS _n0 _cMS |
||
| 999 |
_c276539 _d276539 |
||